• 首页
  • 本馆介绍
  • 公告通知
  • 最新文献
  • 馆藏检索
  • 电子资源
  • 读者导购
  • 参考咨询
  • 我的图书馆
  • 登录
  • 详细信息显示
  • 放入我的书架
  • 预约/预借图书
  • 作者相关作品
  • 分类相关作品
  • 丛书相关作品
  • 出版社相关作品

书目信息

  • 表格格式
  • 工作单格式
  • 卡片格式
题名:
中国近代学术史
    
 
作者: 麻天祥 著
分册:  
出版信息: 武汉   武汉大学出版社  2007
页数: 737页
开本: 24cm
丛书名:
单 册:
中图分类: B250.5 , B25
科图分类:
主题词: 学术思想--思想史--中国--近代 , 学术思想 , 近代哲学--中国 , 个人-道德修养
电子资源:
ISBN: 978-7-307-05057-0
000 00902nam0 2200289 450
001 1159901215
005 20111004095657.21
010    @a978-7-307-05057-0@dCNY71.00
100    @a20070702d2007 em y0chiy50 ea
101 0  @achi
102    @aCN@b420000
105    @ay z 000yy
106    @ar
200 1  @a中国近代学术史@f麻天祥著@Azhong guo jin dai xue shu shi
210    @a武汉@c武汉大学出版社@d2007
215    @a737页@d24cm
300    @a名家学术 三宝斋学术著作四种
330    @a本书内容包括:绪论、走向理性与科学的近代史学、近代佛学哲学研究、中国文论的现代转型等。
606 0  @a学术思想@x思想史@y中国@z近代
606 0  @a学术思想
606 0  @a近代哲学@x中国
606 0  @a个人-道德修养
690    @aB250.5@v4
690    @aB25@v4
701  0 @a麻天祥@f(1948~)@4著@Ama tian xiang
801  0 @aCN@b大连网信软件有限公司图书馆·11@c20111004
905    @a10447@dB25@eJY155
    
    中国近代学术史/麻天祥著.-武汉:武汉大学出版社,2007
    737页;24cm
    名家学术 三宝斋学术著作四种
    
    ISBN 978-7-307-05057-0:CNY71.00
    本书内容包括:绪论、走向理性与科学的近代史学、近代佛学哲学研究、中国文论的现代转型等。
●
相关链接 在E读中查询图书 在五车中查询图书 在当当中查询图书 在豆瓣中查询图书


正题名:中国近代学术史     索取号:B25/JY155         预约/预借

序号 登录号 条形码 馆藏地/架位号 状态 备注
1 7824686   278246863   学院路分馆/ [索取号:B25/JY155] 在馆    
2 7824687   278246872   学院路分馆/ [索取号:B25/JY155] 在馆    
唐山师范学院图书馆 欢迎您!
大连网信软件有限公司© 版权所有